Aký je slovenský zákazník?

Bez znalosti zákazníka a jeho potrieb nemôže úspešne fungovať žiaden obchod. Zjednodušene povedané - všetko sa odvíja od rodinného rozpočtu. Štruktúra výdavkov v Európe a na Slovensku. Kúpna sila v Európe. Sporenie v Európe. Narastá počet zákazníkov, u ktorých hlavným meradlom je náročnosť (náročnos...

Descrizione completa

Salvato in:
Dettagli Bibliografici
Autore principale: Sadloňová, Marianna
Natura: Capitolo di libro
Lingua:slovacco
Soggetti:
Tags: Aggiungi Tag
Nessun Tag, puoi essere il primo ad aggiungerne!!

MARC

LEADER 00000naa$a2200000$$$4500
001 0045269
005 20231108141004.7
041 0 |a slo 
044 |a SK 
245 1 0 |a Aký je slovenský zákazník?  |c Marianna Sadloňová 
520 |a Bez znalosti zákazníka a jeho potrieb nemôže úspešne fungovať žiaden obchod. Zjednodušene povedané - všetko sa odvíja od rodinného rozpočtu. Štruktúra výdavkov v Európe a na Slovensku. Kúpna sila v Európe. Sporenie v Európe. Narastá počet zákazníkov, u ktorých hlavným meradlom je náročnosť (náročnosť na produkty, aj na úroveň nakupovania). 
610 2 0 |a zákazníci 
610 2 0 |a potreby 
610 2 0 |a výdavky 
610 2 0 |a sporenie obyvateľstva 
610 2 0 |a rodina 
610 2 0 |a rozpočty 
610 2 0 |a sila kúpna obyvateľstva 
610 2 0 |a Slovensko 
610 2 0 |a Európa 
100 1 |a Sadloňová, Marianna